000 00587nam a2200193Ia 4500
003 GCL
008 140319s9999 xx 000 0 ara d
040 _aGCL /
_cGCL
082 0 4 _a190
_bم ت
100 1 _aمحمد على ابوريان
245 1 0 _aتاريخ الفكر الفلسفى: الفلسفة الحديثة(الجزء الرابع) /
_cمحمد على ابوريان
300 _a489 ص
490 _aكتاب
_v0
650 0 4 _aالفلسفة الحديثة
650 0 4 _aديكارت
650 0 4 _aكانت
650 0 4 _aالفكر الفلسفى
942 _2ddc
_cBK
999 _c41246
_d41246